Animals - Statistics

General Stats
  • This quiz has been taken 4 times
  • The average score is 4 of 15
Answer Stats
Hint Answer % Correct
Simian with a ball-and-socket wrist joint Gibbon
75%
Second animal in the dictionary Aardwolf
50%
Madagascar's largest carnivore Fossa
50%
Domesticated polecat Ferret
25%
Baboons' Ethiopian cousin Gelada
25%
Power tool for guys Mandrill
25%
Marsupial anteater Numbat
25%
Asian wild ass Onager
25%
The other lagomorph Pika
25%
Australian selfie-bomber Quokka
25%
Nay nay-nay Aye-aye
0%
The feline, not the spider monkey, bat or tamarin Geoffrey's cat
0%
Llama ancestor Guanaco
0%
The biggest of the little five Leopard tortoise
0%
Karius in the Champion's League final Slow loris
0%
No matching quizzes found
Score Distribution
Percent of People with Each Score
Percentile by Number Answered
Your Score History
You have not taken this quiz